ताकि सनद रहें / (Record no. 113385)

MARC details
000 -LEADER
fixed length control field 01001nam a22002537a 4500
005 - DATE AND TIME OF LATEST TRANSACTION
control field 20170124102952.0
010 ## - LIBRARY OF CONGRESS CONTROL NUMBER
LC control number B-011481
020 ## - INTERNATIONAL STANDARD BOOK NUMBER
Terms of availability 100.00
035 ## - SYSTEM CONTROL NUMBER
System control number B-011481
037 ## - SOURCE OF ACQUISITION
Source of stock number/acquisition Cen Lib/Ret
040 ## - CATALOGING SOURCE
Original cataloging agency DPL
Language of cataloging HN
082 ## - DEWEY DECIMAL CLASSIFICATION NUMBER
Classification number 808.4
Item number महेंद्र
100 ## - MAIN ENTRY--PERSONAL NAME
Personal name महेंद्र 'रज्जन'
9 (RLIN) 52006
245 ## - TITLE STATEMENT
Title ताकि सनद रहें /
Statement of responsibility, etc महेंद्र 'रज्जन'
246 ## - VARYING FORM OF TITLE
Title proper/short title Taaki sanad rahe /
Remainder of title by Mahendra Rajjan
260 ## - PUBLICATION, DISTRIBUTION, ETC. (IMPRINT)
Place of publication, distribution, etc इलाहाबाद
Name of publisher, distributor, etc शारदा प्रकाशन
Date of publication, distribution, etc 2000
270 ## - ADDRESS
Address 542, के.एल. कीडगंज
City इलाहाबाद
Postal code 211003
300 ## - PHYSICAL DESCRIPTION
Extent 143पृ.
Dimensions 20सेमी(सजिल्द )
650 ## - SUBJECT ADDED ENTRY--TOPICAL TERM
Topical term or geographic name as entry element हिंदी साहित्य
General subdivision
Geographic subdivision
9 (RLIN) 52007
650 ## - SUBJECT ADDED ENTRY--TOPICAL TERM
Topical term or geographic name as entry element हिंदी उपन्यास
9 (RLIN) 52008
650 ## - SUBJECT ADDED ENTRY--TOPICAL TERM
Topical term or geographic name as entry element Hindi literature
Form subdivision
9 (RLIN) 52009
650 ## - SUBJECT ADDED ENTRY--TOPICAL TERM
Topical term or geographic name as entry element Hindi fiction
9 (RLIN) 27248
942 ## - ADDED ENTRY ELEMENTS (KOHA)
Source of classification or shelving scheme Dewey Decimal Classification
Koha item type Hindi Books
Classification part 808.4
Call number suffix महेंद्र
Holdings
Withdrawn status Lost status Damaged status Not for loan Home library Current library Date acquired Source of acquisition Cost, normal purchase price Total Checkouts Full call number Barcode Date last seen Copy number Cost, replacement price Price effective from Koha item type
        Central Library Central Library 12/08/2015 Cen Lib/Ret 100.00   808.4 महेंद्र B-011481 12/08/2015 1 100.00 12/08/2015 Hindi Books

© Delhi Public Library
Hit Counter
free hit counter